Państwa produkujące najwięcej bakłażanów - Statystyki

Ogólne statystyki
  • Ten quiz został rozwiązany 10 razy
  • Średni wynik to 11 z 15
Statystyki odpowiedzi
Tony (tys.) Kraj % Poprawnych
38 300 Chiny
100%
12 800 Indie
100%
183,1 Irak
89%
595,9 Iran
89%
781,2 Turcja
89%
1 400 Egipt
78%
141,1 Syria
78%
307,4 Włochy
78%
276,3 Hiszpania
67%
294,6 Japonia
67%
207,5 Algieria
56%
618,5 Bangladesz
56%
248,2 Filipiny
56%
691,7 Indonezja
56%
203,9 Uzbekistan
44%
Nie znaleziono quizów pasujących do podanych kryteriów
Rozkład punktacji
Procent ludzi z każdym wynikiem
Percentyl według liczby udzielonych odpowiedzi
Twoja historia wyników
Nie rozwiązałeś tego quizu